Представление документа в формате MARC21

Поле Инд. ПП Название Значение
Тип записи a
Библиографический уровень b
001 Контрольный номер RU/IS/BASE/354103363
005 Дата корректировки 20200526192510.8
008 Кодируемые данные 20110322
040 b Код языка каталог. rus
e Правила каталог. PSBO
041 0_ a Код языка текста rus
084 a Индекс другой классификации/Индекс ББК 60.524.258.3; 88.53; 88.287
100 1_ a Автор Владыкина И. К.
q Полное имя Владыкина Ирина Константиновна
245 10 a Заглавие Алкоголизм в России: социальные и социально-психологические детерминанты
504 a Библиография Библиогр.: с. 65 - 66
520 a Аннотация Алкоголизация значительной части населения рассматривается в контексте социальных и социально-психологических проблем российского общества. Анализируется влияние семейных отношений на формирование зависимой личности, отличающейся ослабленным эго-компонентом. Рассматриваются вопросы психологии восприятия рекламной информации, предлагаемой на телевидении в рамках антиалкогольной кампании
650 a Основная рубрика психология
a Основная рубрика психология личности
a Основная рубрика социальная психология
a Основная рубрика социология
653 a Ключевые слова алкоголизация населения
a Ключевые слова алкоголизм
a Ключевые слова алкогольная зависимость
a Ключевые слова антиалкогольная пропаганда
a Ключевые слова воспитание
a Ключевые слова девиантное поведение
a Ключевые слова деградация личности
a Ключевые слова детская психология
a Ключевые слова реклама
a Ключевые слова рекламные ролики
a Ключевые слова Россия
773 08 t Заглавие источника Вестник Московского университета. Серия 18, Социология и политология
d Дата издания источника 2010
g Прочая информация № 4. - С. 55 - 66
w Контрольный № источника RU/IS/BASE/349533681
901 t Тип документа b